Experiencing self / (Record no. 142133)

MARC details
000 -LEADER
fixed length control field 00568nam a22001937a 4500
005 - DATE AND TIME OF LATEST TRANSACTION
control field 20170629110944.0
010 ## - LCCN (DPL NO)
LC control number ENG-119032
020 ## - INTERNATIONAL STANDARD BOOK NUMBER
International Standard Book Number 9789384721176
Terms of availability 400.00
035 ## - SYSTEM CONTROL NUMBER
System control number EN-102564
037 ## - SOURCE OF ACQUISITION
Source of stock number/acquisition DBAD/PUB
082 ## - DEWEY DECIMAL CLASSIFICATION NUMBER
Classification number 126
100 ## - MAIN ENTRY--PERSONAL NAME
Personal name Choudhary, Lopamudra
245 ## - TITLE STATEMENT
Title Experiencing self /
Statement of responsibility, etc by Lopamudra Chaudhary [and] Madhucchanda Sen
260 ## - PUBLICATION, DISTRIBUTION, ETC. (IMPRINT)
Place of publication, distribution, etc Kolkata
Name of publisher, distributor, etc Jadavpur University Press
Date of publication, distribution, etc 2015
270 ## - ADDRESS
Address Jadavpur University Kolkata-700032
300 ## - PHYSICAL DESCRIPTION
Extent 152p
Dimensions 22cm.(Hb)
500 ## - GENERAL NOTE
General note Includes index
942 ## - ADDED ENTRY ELEMENTS (KOHA)
Source of classification or shelving scheme Dewey Decimal Classification
Item type English Books
Classification part 126
Call number suffix CHO
Holdings
Withdrawn status Lost status Not for loan Collection code Home library Current library Date acquired Source of acquisition Cost, normal purchase price Full call number Barcode Copy number Cost, replacement price Koha item type
    Not For Loan Non-fiction D.B.Act.Division Bawana 29/06/2017 DBAD/PUB 400.00 126 CHO EN-102564 1 400.00 English Books

© Delhi Public Library
Hit Counter
free hit counter